Statistics for Brawl stars - brawlers by wolvy

Click here to take the quiz!

General Stats

  • This quiz has been taken 15 times
    (3 since last reset)
  • The average score is 55 of 80

Answer Stats

BrawlerAnswer% Correct
Slow arcade machine shooting blaster beams8-bit
100%
Fire starteramber
100%
Mosquitoangelo
100%
Bottle throwing bartenderbarley
100%
Little girl with a teeth-shooting cannonbonnie
100%
Rocket shooter with a burning areabrock
100%
French spider girlcharlie
100%
Trainchuck
100%
Hotdog dinosaurdoug
100%
Scarf puncheredgar
100%
Hair spraying zombieemz
100%
Shoe throwing kickerfang
100%
Old snow blastergale
100%
Magic lamp that grabs enemiesgene
100%
Explosive walkie-talkie throwergrom
100%
Balloon throwergus
100%
Shock rifle shooter that bounces between enemies and spawns a turretjessie
100%
Catkit
100%
K-pop starmelodie
100%
Monkeymico
100%
Disgruntled luggage handler that calls his porters and the owner of snowtelmr.p
100%
Shockwave striker that summons bearnita
100%
Underwater street artist that squirts a burst of ink dropsotis
100%
Shrapnel shooter with a healing turretpam
100%
Cookie machinepearl
100%
Boxing botanistrosa
100%
Space dogruffs
100%
Plant lover that shoots bouncy seed bombssprout
100%
Bee shooterbea
67%
Bubblegum bat swingerbibi
67%
Eagle arrow shooter that shoots minesbo
67%
Velocirapid torpedo buoy throwerbuzz
67%
Pickaxe and spins like crazycarl
67%
Revolver that shoots bullet stormscolt
67%
Mushroomcordelius
67%
metalheaddraco
67%
Fists of fury and comes with a flying elbow dropel primo
67%
Alien mother that shoots eggs and can spawn her children and flies over watereve
67%
Very big and a lot of health with a hammerfrank
67%
Untalkative and orthochromatic teleportergray
67%
Owner of Starr Park's gift shop that throws cash and coinsgriff
67%
Huge shark tankhank
67%
Twinslarry and lawrie
67%
Invisibility and throws shurikensleon
67%
a plant that can teleportlily
67%
Actress of Brawlywood that can summon her egolola
67%
Ice cream throwerlou
67%
Fast and speedy firing blastermax
67%
Angled robot shooter that controls her little robot to explode playersnani
67%
Sniper shooter, the further it goes the more damage, and drops grenadespiper
67%
Plays the guitar and heals everyonepoco
67%
Bouncy ball shooterrico
67%
Sleepy sand throwersandy
67%
Shotgun shooter and the super is a more powerful shotshelly
67%
Untalkative cactusspike
67%
Sticky blob of goo with a splash areasqueak
67%
Dashing stunt driverstu
67%
Energy drink blaster and can upgrade himself up to 3 stagessurge
67%
Card thrower and summons shadowstara
67%
Mine thrower and detaches its headtick
67%
Furious trash knight that summons minionsash
33%
Elderly woman with an electro-riflebelle
33%
Shotgun and charges through wallsbull
33%
Snake oil salesmanbyron
33%
Bell-throwing jesterchester
33%
Poisonous blade throwercrow
33%
Double shotgun barrel rollerdarryl
33%
Exploderdynamike
33%
The driller that can pull enemiesjacky
33%
Flying singerjanet
33%
Rocket shooter and shockwaves enemies awaymaisie
33%
The queen of sugar and candymandy
33%
Little girl with a giant mecha suitmeg
33%
Shovel dashermortis
33%
Money shooter and drops a cannonpenny
33%
Small robot that can split itself in halfr-t
33%
Middle aged man that punches and throws beartraps making him fastersam
33%
Controllerwillow
33%
Movie theater operatorbuster
0%
Enemy health taxer and dashes forth and backcolette
0%

Score Distribution

Percentile by Number Answered

Percent of People with Each Score

Your Score History

You have not taken this quiz since the last reset